000 00493nam a22001937a 4500
003 koha_MIRAKIL
005 20250311143456.0
008 231213b eng||||| |||| 00| 0 eng d
020 _a9780198461043
040 _aTR-IsEVY
_btur
_cTR-IsEVY
082 _a306 RAB/T
100 _aRABY, CHARLOTTE.
245 4 _aTHE FAME GAME.
260 _bOxford,
_c2007
300 _a24.
650 _aSociety.
_vFamous.
_vFamily Life
650 _aToplum.
_vÜnlüler.
_vAile Yaşamı.
942 _2ddc
_cBK
999 _c6524
_d6524